Statistics for 1000 takes special! Countries I have been to with a map!

Click here to take the quiz!

General Stats

  • This quiz has been taken 26 times
  • The average score is 9 of 10

Answers on the Map

Answers color-coded by a green-red scale on the quiz's map according to % correct below.
Loading ...
 

Answer Stats

Answer% Correct
Mexico
100%
United States
96%
France
96%
Germany
96%
Russia
96%
Turkey
96%
Switzerland
92%
Israel
92%
Finland
92%
Bulgaria
88%

Score Distribution

Percentile by Number Answered

Percent of People with Each Score

Your Score History

You have not taken this quiz